LEADER 01155nam a2200253 4500 001 000000361675 003 CaOOAMICUS 005 20250219140124.0 008 250217s1974 it 000 u ita r 040 $aSeMil$bita 245 03$aLa pedagogia nel pensiero contemporaneo /$cJ. H. Pestalozzi ... [et al.] ; a cura di Vincenzo Carbotti. 264 1$aMessina ; Firenze :$bD'Anna,$c1974. 300 $a291 p. ;$c21 cm 490 1 $aAntologie filosofiche per problemi 650 4$aPedagogia - Sec. 18.-19. - Antologie.$0(OLS)http://semarc/subject/57169 700 1 $aCarbotti, Vincenzo.$0(OLS)http://semarc/name/39977 700 1 $aPestalozzi, Johann Heinrich,$d<1746-1827>.$0(OLS)http://semarc/name/7460 830 0$aAntologie filosofiche per problemi.$0(OLS)http://semarc/title/452404 850 $aSeMil 852 $aSeMil$W1$xVenegono$y1$m2Q VII 156$j254595$B252624$CSeMilBibl$Z2$F252624 $81 961 $aBuzzi mons. Franco - Omaggio 996 $6245$aLa pedagogia nel pensiero contemporaneo$9(OLS)http://semarc/title/452441 996 $6264$aMessina ; Firenze :$bD'Anna$9(OLS)http://semarc/publisher/30286 LEADER 01106nam a2200217 i 4500 001 000000069327 003 CaOOAMICUS 005 20130906000000.0 008 130906s1880 it u000 u ita u 013 $a40499 040 $aSeMil$bita 100 1 $aCornoldi, Giovanni Maria,$c.$0(OLS)http://semarc/name/32685 245 13$aLa riforma della filosofia promossa dall'Enciclica Aeterni Patris di S. S. Leone Papa 13. :$bcommentario /$cper Giovanni Maria Cornoldi. 260 $aBologna :$bTipografia pont. Mareggiani,$c1880. 300 $a162 p. ;$c19 cm. 650 4$aFilosofia neoscolastica.$0(OLS)http://semarc/subject/6346 650 4$aLeone XIII - Encicliche . Aeterni Patris.$0(OLS)http://semarc/subject/9872 850 $aSeMil 852 $aSeMil$W1$xVenegono$y1$m2Q II 103 FA$j35480$B35480$CSeMilBibl$Z2$F35483 $8I 996 $6245$aLa riforma della filosofia promossa dall'Enciclica Aeterni Patris di S. S. Leone Papa 13. :$bcommentario$9(OLS)http://semarc/title/110959 996 $6260$aBologna :$bTipografia pont. Mareggiani$9(OLS)http://semarc/publisher/38683